Schaum's outline of theory and problems of electric circuits in SI units (Record no. 5601)

MARC details
000 -LEADER
fixed length control field 00533nam a2200169Ia 4500
003 - CONTROL NUMBER IDENTIFIER
control field IN-BaIIA
008 - FIXED-LENGTH DATA ELEMENTS--GENERAL INFORMATION
fixed length control field 211028s9999 xx 000 0 eng d
020 ## - INTERNATIONAL STANDARD BOOK NUMBER
International Standard Book Number 07-084397-X
040 ## - CATALOGING SOURCE
Transcribing agency IIA Library
080 ## - UNIVERSAL DECIMAL CLASSIFICATION NUMBER
Universal Decimal Classification number 537.313
Item number EDM
100 ## - MAIN ENTRY--PERSONAL NAME
Personal name Edminister Joseph A
9 (RLIN) 9726
245 #0 - TITLE STATEMENT
Title Schaum's outline of theory and problems of electric circuits in SI units
Statement of responsibility, etc. Joseph A Edminister
260 ## - PUBLICATION, DISTRIBUTION, ETC.
Place of publication, distribution, etc. New York
Name of publisher, distributor, etc. McGraw-Hill
Date of publication, distribution, etc. 1972
300 ## - PHYSICAL DESCRIPTION
Extent v, 288p.
650 ## - SUBJECT ADDED ENTRY--TOPICAL TERM
Topical term or geographic name entry element Electric circuits
9 (RLIN) 6495
942 ## - ADDED ENTRY ELEMENTS (KOHA)
Koha item type Books
Holdings
Withdrawn status Lost status Damaged status Not for loan Home library Current library Shelving location Date acquired Total Checkouts Full call number Barcode Date last seen Price effective from Koha item type
        IIA Library-Bangalore IIA Library-Bangalore General Stacks 13/10/1977   537.313/ EDM 6269 05/11/2021 13/10/1977 Books

Powered by Koha